Online Catalogue and eLibrary

Uraiyum Pani Pengal (Record no. 5833)

MARC details
000 -LEADER
fixed length control field 00342nam a2200145Ia 4500
005 - DATE AND TIME OF LATEST TRANSACTION
control field 20250322150012.0
008 - FIXED-LENGTH DATA ELEMENTS--GENERAL INFORMATION
fixed length control field 240331s9999 xx 000 0 und d
082 ## - DDC Classification
Item Number - Author Mark ROO
Class No. 891
100 ## - MAIN ENTRY--PERSONAL NAME
Personal name Rooban,S
245 #0 - TITLE STATEMENT
Title Uraiyum Pani Pengal
260 ## - PUBLICATION, DISTRIBUTION, ETC.
Place of publication, distribution, etc. Chennai
Name of publisher, distributor, etc. Kruppu pirathigal
Date of publication, distribution, etc. 2010
300 ## - PHYSICAL DESCRIPTION
Extent (e.g. Volumes, Pages etc.) 95 p .,
650 ## - SUBJECT ADDED ENTRY--TOPICAL TERM
Topical term or geographic name entry element Short Stories
942 ## - Koha item type (Biblio)
Koha item type Books in Stacks (Lending)
Holdings
Lost status Damaged status Collection code Home library Current library Shelving location Date acquired Full call number Accession Number Item type
    Lending WERC Library WERC Library Social Science Cupboard 03/31/2024 891.811 ROO 6808 Books in Stacks (Lending)

© WERC Library